Nguyễn Thông con người và tác phẩm
Gorde:
| Egile nagusia: | |
|---|---|
| Formatua: | Liburua |
| Hizkuntza: | Undetermined |
| Argitaratua: |
Thành phố Hồ Chí Minh
Nxb. Thành phố Hồ Chí Minh
1984
|
| Gaiak: | |
| Etiketak: |
Etiketa erantsi
Etiketarik gabe, Izan zaitez lehena erregistro honi etiketa jartzen!
|
| Thư viện lưu trữ: | Trung tâm Học liệu Trường Đại học Cần Thơ |
|---|
| LEADER | 00546nam a2200169Ia 4500 | ||
|---|---|---|---|
| 001 | CTU_8102 | ||
| 008 | 210402s9999 xx 000 0 und d | ||
| 082 | |a 895.922092 | ||
| 082 | |b Th312 | ||
| 100 | |a Ca, Văn Thỉnh | ||
| 245 | 0 | |a Nguyễn Thông con người và tác phẩm | |
| 245 | 0 | |c Ca Văn Thỉnh | |
| 260 | |a Thành phố Hồ Chí Minh | ||
| 260 | |b Nxb. Thành phố Hồ Chí Minh | ||
| 260 | |c 1984 | ||
| 650 | |a vietnamese literature - biography | ||
| 980 | |a Trung tâm Học liệu Trường Đại học Cần Thơ | ||